| 000 | 00862nas a2200289 4500 | ||
|---|---|---|---|
| 001 | BR8806655 | ||
| 003 | BR-BrBNA | ||
| 005 | 20231205091338.0 | ||
| 007 | ta | ||
| 008 | 230509b bl.|||p| |||| 00| 00por d | ||
| 040 |
_aBR-BrBNA _bpor _cBiblioteca Nacional de Agricultura |
||
| 041 | _a(Pt) | ||
| 072 | _aL10 | ||
| 110 | 1 | _aSociedade Nacional de Agricultura, Rio de Janeiro, RJ (Brasil) | |
| 245 | 1 | _aO puro sangue ingles como melhorador de racas | |
| 650 | _aMELHORAMENTO GENETICO ANIMAL | ||
| 650 | _aPRODUCAO ANIMAL | ||
| 650 | _aCRUZAMENTO ANIMAL | ||
| 650 | _aRACA | ||
| 650 | _aREPRODUCAO ANIMAL | ||
| 650 | _aMEIO SANGUE | ||
| 650 | _aPURO SANGUE INGLES | ||
| 650 | _aCAVALO | ||
| 773 | 0 |
_tLavoura (Brazil) _xISSN 0023-9135 _g(Apr-May 1988), v. 91 p. 30-32 _wBR8806655 |
|
| 909 |
_a202311 _bLúcia _c55 _dLúcia Elande |
||
| 942 |
_2AGRIS _n0 _cANA |
||
| 999 |
_c124477 _d124477 |
||